LIBRARY & INFORMATION CENTRE, KCAET, TAVANUR

ONLINE PUBLIC ACCESS CATALOGUE (OPAC)

Dewey decimal classification and relative index, Vol 1 / (Record no. 3785)

MARC details
000 -LEADER
fixed length control field 00410cam a2200157ua 4500
041 ## - LANGUAGE CODE
Language code of text/sound track or separate title eng
082 ## - DEWEY DECIMAL CLASSIFICATION NUMBER
Classification number 025.43
Item number DEW/DE
100 ## - MAIN ENTRY--AUTHOR NAME
Personal name Dewey, Melvil.
245 ## - TITLE STATEMENT
Title Dewey decimal classification and relative index, Vol 1 /
250 ## - EDITION STATEMENT
Edition statement 17 /
260 ## - PUBLICATION, DISTRIBUTION, ETC. (IMPRINT)
Place of publication New York :
Name of publisher Forest Press ,
Year of publication 1965.
300 ## - PHYSICAL DESCRIPTION
Number of Pages 1254 ; .
942 ## - ADDED ENTRY ELEMENTS (KOHA)
Koha item type Books
Holdings
Withdrawn status Lost status Damaged status Home library Current library Date acquired Full call number Accession Number Koha item type
      KAUAET KAUAET 07/04/2012 025.43 10922 Reference
free website counter